| 000 | 00453nam a2200169Ia 4500 | ||
|---|---|---|---|
| 008 | 230711s9999||||xx |||||||||||||| ||und|| | ||
| 020 | _a978-81-8189-560-8 | ||
| 041 | _aENG | ||
| 082 |
_a631.422 _bSA-I |
||
| 100 | _aSavant, Krishiratna Narayan k. | ||
| 245 | 0 | _aIntegrated Use of Urea-DAP Briquettes for Crops | |
| 260 |
_c2010 _aLucknow _bibdc Publishers |
||
| 300 | _a188p. | ||
| 650 | _aAgriculture | ||
| 700 | _aSonar, Kashinath R. | ||
| 942 | _cBK | ||
| 999 |
_c7572 _d7572 |
||